000 00666nam a2200217Ia 4500
008 220216s9999 xx 000 0 und d
100 _aManroshan S
245 0 _aComparison between sodium dodecyl sulfate and polyfructose surfactant systems in urea deproteinisation of natural rubber latex
260 _bJournal of Rubber Research
_c2009
300 _a11-Jan
520 _aDL
650 _aDeproteinised NRL
650 _aHydrophobically modified polyfructose surfactant
650 _aSodium dodecyl sulphate
700 _aAmir-Hashim M Y
700 _aBooten K
700 _aKawahara S
700 _aMok K L
700 _aMustafa Asrul
942 _cJS
999 _c55984
_d55984